000 nam a22 7a 4500
999 _c8258
_d8258
008 171213b xxu||||| |||| 00| 0 eng d
100 _94682
_aTAYAL.B.B
245 _aINDIA COM AND POLITICAL SCIENCE -XI
260 _aNEW DELHI
_bTOGETHER
_c2016